000
00393nam a22001697a 4500
003
MPLRDC
005
20220104113823.0
008
210129b ||||| |||| 00| 0 eng d
082
_a
848.2 SMZY-6 c.3
100
_a
司马中原著
245
_a
驼铃
_c
250
_a
七版
260
_a
_b
华联出版社
_c
1988
300
_b
平
650
_a
现代别集
942
_c
BK
_o
848.2 SMZY-6 c.3
999
_c
2615
_d
2605